Statistiques concernant Culture Générale - Série 1046

Cliquez ici pour prendre le quiz!

Statistiques générales

  • Ce quiz a été pris 53 fois
  • Le résultat moyen est 6 sur 10

Statistiques - réponses

QuestionRéponse% Correct
Dans quel cimetière parisien est enterré le chanteur américain Jim Morrison ?cimetière du Père-Lachaise
92%
De quelle communauté autonome espagnole sont originaires les Catalans ?Catalogne
92%
A quelle race appartiennent les chiens Pongo et Perdita dans le dessin animé de Walt Disney sorti en 1961 ?dalmatien
79%
Quelle substance résineuse aromatique, qui brûle en répandant une odeur pénétrante, se présente généralement sous forme de bâtonnet ou de petit cône ?encens
74%
En 1998, quel film d'animation des Studios Disney raconte l'histoire d'une jeune fille qui s'engage dans l'armée pour défendre la Chine contre l'invasion des Huns ?Mulan
72%
Quel département français a donné son nom à la "guerre" civile contre-révolutionnaire, de 1793 à 1796, qui a touché principalement l'Ouest de la France ?Vendée
68%
Quelle fibre textile végétale peut être "organdi", "calicot" ou "cretonne" ?coton
62%
Par quel mot de 4 lettres désigne-t-on la bile des animaux ?fiel
21%
Dans quel opéra de Mozart le personnage principal est-il englouti par les flammes de l'enfer à la fin ?Don Giovanni
15%
En peinture, le pinceau à brosse large et plate utilisé pour étendre une couche lisse de peinture est aussi appelé "queue-de-...morue
9%

Distribution des résultats

Percentile par nombre de réponses

% des personnes avec chaque résultat

Votre développement - résultats

Vous n’avez pas pris ce quiz